LEADER 00978nam0-22003611i-450- 001 990003964630403321 005 20031216134401.0 010 $a88-386-3430-0 020 $aIT$b2002-9328 035 $a000396463 035 $aFED01000396463 035 $a(Aleph)000396463FED01 035 $a000396463 100 $a20030918d2002----km-y0itay50------ba 101 0 $aita 102 $aIT 105 $aa---a---001yy 200 1 $aComponenti ottici di rete$fGil Held 210 $aMilano [etc.]$cMcGraw-Hill$d2002 215 $aXIV, 231 p.$cill.$d24 cm 610 0 $aTelecomunicazioni$aFibre ottiche 676 $a621.38275 700 1$aHeld,$bGilbert$027769 801 0$aIT$bUNINA$gRICA$2UNIMARC 901 $aBK 912 $a990003964630403321 952 $a13 H 43 22$b13216$fFINBC 952 $a23 04 D 06$b13336$fFINAG 952 $a23 04 D 07$b13337$fFINAG 959 $aFINBC 959 $aFINAG 996 $aComponenti ottici di rete$9512813 997 $aUNINA LEADER 01801Cam--22005771--450- 001 990000044000203316 005 20160302120848.0 010 $a0-8218-3804-0 035 $a0004400 035 $aUSA010004400 035 $a(ALEPH)000004400USA01 035 $a0004400 100 $a20010323d1994----km-y0itay0103----ba 101 0 $aita 105 $a||||||||001yy 200 1 $a<> introduction to Grčobner bases$fW. Adams, Philippe Loustaunau 210 $a[Providence]$cAmerican Mathematical Society$d1994 215 $aXIII, 26 cm. 225 $aGraduate Studies in Mathematics$v3 410 0$aGraduate Studies in Mathematics$v, 3 606 0 $2BNCF 606 $aAlgebra astratta 676 $a512.24 700 1$aADAMS,$bWilliam W.$0352566 701 1$aLOUSTAUNAU,$bPhilippe$067398 801 0$aIT$bsalbc$gISBD 912 $a990000044000203316 951 $a512. 24 ADA$b13059 Ing. 959 $aBK 969 $aTEC 979 $c20000914$lUSA01$h1720 979 $c20000919$lUSA01$h1047 979 $c20000919$lUSA01$h1520 979 $c20001019$lUSA01$h1054 979 $c20001019$lUSA01$h1452 979 $c20001019$lUSA01$h1459 979 $c20001019$lUSA01$h1537 979 $c20001024$lUSA01$h1513 979 $c20001027$lUSA01$h1517 979 $c20001027$lUSA01$h1521 979 $c20001110$lUSA01$h1709 979 $c20001124$lUSA01$h1206 979 $aPATTY$b90$c20010323$lUSA01$h1544 979 $c20020403$lUSA01$h1612 979 $aPATRY$b90$c20040406$lUSA01$h1604 979 $aCHIARA$b90$c20160302$lUSA01$h1206 979 $aCHIARA$b90$c20160302$lUSA01$h1207 979 $aCHIARA$b90$c20160302$lUSA01$h1208 979 $aCHIARA$b90$c20160302$lUSA01$h1208 996 $aIntroduction to Grčobner bases$91516730 997 $aUNISA